LIBRARY & INFORMATION CENTRE, KCAET, TAVANUR

ONLINE PUBLIC ACCESS CATALOGUE (OPAC)

Normal view MARC view
  • Bell, F G

Entry Personal Name

Number of records used in: 1

001 - CONTROL NUMBER

  • control field: 7394

003 - CONTROL NUMBER IDENTIFIER

  • control field: OSt

005 - DATE AND TIME OF LATEST TRANSACTION

  • control field: 20250405162505.0

008 - FIXED-LENGTH DATA ELEMENTS

  • fixed length control field: 250405|| aca||aabn | a|a d

040 ## - CATALOGING SOURCE

  • Original cataloging agency: OSt
  • Transcribing agency: OSt

100 ## - HEADING--PERSONAL NAME

  • Personal name: Bell, F G

670 ## - SOURCE DATA FOUND

  • Source citation: Work cat.: (OSt)8926: Bell, F G ., Engineering properties of soils and rocks / , 1981.
free website counter